[Event "THA-chT Rapid"]
[Site "Bangkok"]
[Date "2021.12.14"]
[Round "4.4"]
[White "Sacar, Mohamad"]
[Black "Suwan, Pairoj"]
[Result "1-0"]
[WhiteElo "2098"]
[BlackElo "1932"]
[PlyCount "123"]
[EventDate "2021.12.13"]
[EventType "team-swiss (rapid)"]
[EventRounds "9"]
[EventCountry "THA"]
[SourceTitle "CBM 205 Extra"]
[Source "ChessBase"]
[SourceDate "2022.01.31"]
[SourceVersion "1"]
[SourceVersionDate "2022.01.31"]
[SourceQuality "1"]
[WhiteTeam "Big Rook Chess Academy"]
[BlackTeam "JCA"]
[WhiteTeamCountry "THA"]
[BlackTeamCountry "THA"]

1. Nf3 Nf6 2. d4 e6 3. g3 d5 4. Bg2 c5 5. e3 Nc6 6. 0-0 Be7 7. b3 cxd4 8. exd4 0-0 9. Re1 h6 10. c3 Qc7 11. Bb2 b6 12. Nbd2 Bb7 13. h3 Rad8 14. Qe2 Rfe8 15. Rac1 Qb8 16. Nh2 Bd6 17. f4 Ne7 18. Ng4 Nxg4 19. hxg4 g5 20. fxg5 Bxg3 21. gxh6 Bxe1 22. Rxe1 Qf4 23. h7+ Kxh7 24. Rf1 Qh6 25. Rxf7+ Kg8 26. g5 Qxg5 27. Nf3 Qh6 28. Ne5 Nf5 29. Rxb7 Rf8 30. Qg4+ Ng7 31. Rxg7+ Qxg7 32. Qxe6+ Kh7 33. Bc1 Rf6 34. Qg4 Qxg4 35. Nxg4 Rc6 36. Bd2 Re6 37. Ne5 a5 38. Kf2 Kg7 39. Bf3 b5 40. Ke2 Ra6 41. Bg5 Rdd6 42. Be7 Rh6 43. Bxd5 Rh2+ 44. Kd3 Rxa2 45. Bc6 a4 46. Bxb5 axb3 47. Bxa6 Rxa6 48. Nc4 Ra2 49. Ba3 Kf6 50. d5 Rh2 51. Nb2 Ke5 52. Kc4 Rh4+ 53. Kc5 Rh8 54. Nc4+ Ke4 55. d6 Rc8+ 56. Kb6 Kd5 57. d7 Rd8 58. Kc7 Rxd7+ 59. Kxd7 Kxc4 60. Bb2 Kd3 61. Ba1 Kc4 62. Kd6 1-0

[Event "THA-ch"]
[Site "Bangkok"]
[Date "2020.02.08"]
[Round "6"]
[White "Suwan, Pairoj"]
[Black "Bodemar, Jonathan"]
[Result "0-1"]
[WhiteElo "1932"]
[BlackElo "1685"]
[PlyCount "134"]
[EventDate "2020.02.06"]
[EventType "swiss"]
[EventRounds "9"]
[EventCountry "THA"]
[SourceTitle "CBM 195 Extra"]
[Source "ChessBase"]
[SourceDate "2020.05.31"]
[SourceVersion "1"]
[SourceVersionDate "2020.05.31"]
[SourceQuality "1"]

1. e4 e6 2. d4 d5 3. Nd2 Nf6 4. e5 Nfd7 5. c3 c5 6. f4 Nc6 7. Ngf3 Be7 8. Nb3 0-0 9. Be3 c4 10. Nbd2 f6 11. Be2 Qb6 12. exf6 Nxf6 13. b3 cxb3 14. Nxb3 Ng4 15. Bd2 Bd6 16. g3 Bd7 17. Rb1 Qc7 18. 0-0 Ne7 19. Ne5 Nf6 20. Bd3 Rac8 21. Qc2 Nc6 22. Rbe1 a5 23. Qb1 a4 24. Nc1 Rb8 25. Ne2 b5 26. Nxc6 Qxc6 27. Rc1 Ba3 28. Rc2 Rfc8 29. Bc1 Bd6 30. a3 Be8 31. f5 exf5 32. Bxf5 Rc7 33. Bf4 Bd7 34. Be5 Bxf5 35. Rxf5 Bxe5 36. dxe5 Ne4 37. Qb4 Qc5+ 38. Qxc5 Rxc5 39. Kg2 g6 40. Rf3 Re8 41. Nf4 g5 42. Nd3 Rxc3 43. Rxc3 Nxc3 44. Rf5 h6 45. Kf3 Nb1 46. Nb4 Nxa3 47. Nxd5 Kg7 48. Nc7 Re7 49. Nd5 Re6 50. Nc7 Rc6 51. Ne8+ Kg6 52. g4 Nc4 53. Ke4 a3 54. Kd5 Ra6 55. Nc7 Ne3+ 56. Ke4 Nxf5 57. gxf5+ Kh7 58. Nxa6 a2 59. e6 a1Q 60. Nc7 Qa4+ 61. Kd5 Qc4+ 62. Kd6 Qf4+ 63. Kc6 Qe5 64. Nxb5 Qxf5 65. Nc7 Qe5 66. Kd7 Qd4+ 67. Kc8 Qd6 0-1

[Event "THA-ch"]
[Site "Bangkok"]
[Date "2019.05.04"]
[Round "8"]
[White "Mekarapiruk, Chawit"]
[Black "Suwan, Pairoj"]
[Result "0-1"]
[WhiteElo "1649"]
[BlackElo "1992"]
[PlyCount "102"]
[EventDate "2019.05.01"]
[EventType "swiss"]
[EventRounds "9"]
[EventCountry "THA"]
[SourceTitle "CBM 190 Extra"]
[Source "ChessBase"]
[SourceDate "2019.07.15"]
[SourceVersion "1"]
[SourceVersionDate "2019.07.15"]
[SourceQuality "1"]

1. d4 f5 2. Nf3 Nf6 3. g3 g6 4. Bg2 Bg7 5. c4 0-0 6. 0-0 d6 7. Nc3 Nc6 8. d5 Na5 9. Nd2 Nd7 10. Qc2 c5 11. b3 a6 12. Bb2 Rb8 13. e4 b5 14. Rab1 bxc4 15. bxc4 Ne5 16. Ne2 fxe4 17. Bxe5 Rxb1 18. Rxb1 Bxe5 19. Nxe4 Bf5 20. f4 Bg7 21. Qa4 Qc7 22. h3 h6 23. Nc1 Kh7 24. Qc2 Rb8 25. Nb3 Rb4 26. Nxa5 Qxa5 27. Rxb4 Qxb4 28. Kh2 Bd4 29. Qe2 Qb1 30. Nf2 Bf6 31. g4 Qc2 32. Qe3 Bd7 33. g5 hxg5 34. fxg5 Be5+ 35. Kg1 Qxc4 36. Be4 Bb5 37. Bd3 Qf4 38. Qe2 Qxg5+ 39. Kf1 c4 40. Be4 c3 41. Nd3 Bd4 42. Qh2 Bxd3+ 43. Bxd3 Qc1+ 44. Kg2 Qd2+ 45. Kh1 Qe1+ 46. Kg2 Qf2+ 47. Kh1 Qe1+ 48. Kg2 Qd2+ 49. Kh1 Qxd3 50. Qf4 Qd1+ 51. Kg2 Qd2+ 0-1